Life in a new dimension. (Record no. 12586)

000 -LEADER
fixed length control field 00524nam a2200181 a 4500
001 - CONTROL NUMBER
control field :::00010394$&:&@@
003 - CONTROL NUMBER IDENTIFIER
control field OkBaRHE
005 - DATE AND TIME OF LATEST TRANSACTION
control field 20000607103358.0
008 - FIXED-LENGTH DATA ELEMENTS--GENERAL INFORMATION
fixed length control field s1978 j 000 0 eng u
040 ## - CATALOGING SOURCE
Transcribing agency
100 1# - MAIN ENTRY--PERSONAL NAME
Personal name Double, Don.
245 10 - TITLE STATEMENT
Title Life in a new dimension.
260 ## - PUBLICATION, DISTRIBUTION, ETC. (IMPRINT)
Place of publication, distribution, etc Springdale, PA., :
Name of publisher, distributor, etc Whitaker House
Date of publication, distribution, etc c1978
300 ## - PHYSICAL DESCRIPTION
Extent 192 p. ;
Dimensions 18 cm.
650 ## - SUBJECT ADDED ENTRY--TOPICAL TERM
Topical term or geographic name as entry element Christian Life
942 ## - ADDED ENTRY ELEMENTS (KOHA)
Source of classification or shelving scheme
Koha item type Books
Copies
Date acquired Shelving location Permanent Location Full call number Barcode Price effective from Withdrawn status Koha item type Lost status Damaged status Source of classification or shelving scheme Date last seen Copy number Not for loan
2010-04-14General StacksRHEMA Bible Training CollegeBV 4501 .D6103942010-04-14 Books   2010-04-141